Agrarian Drama (Record no. 12285)
[ view plain ]
| 000 -LEADER | |
|---|---|
| fixed length control field | 00673nam a2200253 a 4500 |
| 020 ## - INTERNATIONAL STANDARD BOOK NUMBER | |
| ISBN | 8173043 |
| 082 00 - DEWEY DECIMAL CLASSIFICATION NUMBER | |
| Classification number | 333.31 |
| Author Cutter | GUP |
| 100 ## - MAIN ENTRY--AUTHOR NAME | |
| Author name | Gupta, Amit Kumar |
| 245 ## - TITLE STATEMENT | |
| Title | Agrarian Drama |
| Sub title | the Leftists and the Rural Poor in India 1934-1951 |
| 260 ## - PUBLICATION, DISTRIBUTION, ETC. (IMPRINT) | |
| Place of publication | New Delhi |
| Name of publisher | Manohar Pub. |
| Year of publication | 1996 |
| 300 ## - PHYSICAL DESCRIPTION | |
| Number of Pages | 516p |
| 500 ## - GENERAL NOTE | |
| General note | includes index and biblioraphy |
| 505 2# - FORMATTED CONTENTS NOTE | |
| Formatted contents note | Index |
| 650 ## - SUBJECT ADDED ENTRY--TOPICAL TERM | |
| Topical Term | Communism-India |
| 650 ## - SUBJECT ADDED ENTRY--TOPICAL TERM | |
| Topical Term | India-Agararian Movement |
| 942 ## - ADDED ENTRY ELEMENTS (KOHA) | |
| Koha item type | Books |
| 700 1# - | |
| -- | Gupta, Amit Kumar |
| Collection code | Home library | Current library | Date acquired | Cost, normal purchase price | Full call number | Accession Number | Koha item type |
|---|---|---|---|---|---|---|---|
| Henry Martyn Institute Library | Henry Martyn Institute Library | 05/01/2007 | 550.00 | 333.31 GUP | 018641 | Books |
